Quizzes
Events
Quiz Creation
Community
Videos
Private Events
Remove Ads
Sign In
Join for FREE
Feedback
Dark Mode
Quiz Categories
Sports
Geography
Music
Movies
Television
Just For Fun
Miscellaneous
History
Literature
Language
Science
Gaming
Entertainment
Religion
Holiday
For Kids
Quiz Lab
Recent
Popular Today
Quiz Kudos Today
Editor Picks
Curator Picks
Quizzes by...
Day
Popularity
Type
Ratings
Length
Year
Community
Subscriptions
Recent Discussions
Orange Saloon
Badges
Playlists
Quests
Create
Leaderboards
Showdown
Live 5
Trivia Bingo
Activity
Puzzle Library
Sporcle Events
Private Events
Virtual Trivia
Globe League
Become a Host
Pub Owners
SporcleCon
Opinionation
Our Games
Videos
Blog
Mobile Apps
Partnerships
Remove Ads and Go Orange
Feedback
Movies
Disney
Marvel Cinematic Universe
Movie Resume
Movie Titles
Oscar
Actor
Actress
Director
Pixar
Role
Movie Quotes
Movie Characters
Box Office
Nominee
Best Picture
Star Wars
James Bond
Horror Movies
Movies
Disney
Marvel Cinematic Universe
Movie Resume
Movie Titles
Oscar
Actor
Actress
Director
Pixar
Role
Movie Quotes
Movie Characters
Box Office
Nominee
Best Picture
Star Wars
James Bond
Horror Movies
Random Quiz
Search Sporcle
×
Quiz Lab
Quiz Lab
Movies
Type in answers that appear in a list
Type in answers that appear in a list
Classic
Best Score? Go Orange.
Movie Facts Stats
Can you name the Movie facts?
By
trett
8m
20 Questions
514 Plays
514 Plays
514 Plays
Comments
Comments
Give Quiz Kudos
Give Quiz Kudos
-
- Ratings
hide this ad
Replay
Link that replays current quiz
Next Quiz
Link to next quiz in quiz playlist
You Got
0%
They Got
Avg Score
49%
Avg Friend Score
Upgrade to see
Score Distribution
Jump to the score distribution portion of the page
Score
0/20
Timer
08:00
0
Plays Today
Question
Answer
% Correct
In the Matrix (1999), what is the color of the pill Neo swallows
red
93.8%
In Braveheart (1995), William Wallace fights for the freedom of what country
Scotland
92%
In the Lion King (1994), who is Simba's father
Mufasa
76.8%
In My Cousin Vinny (1992), Joe Pesci and Marisa Tomei are a couple from what American city
New York
76.5%
Sean Austin's character in Rudy (1993) attends which famous football university
Notre Dame
73.5%
Forrest Gump (1994) begins and ends with a shot of what floating in the wind
feather
73.5%
In 12 Angry Men (1957), the 12 men form what judicial body
jury
69.6%
In the Lord of the Rings Triology, who is Frodo Baggin's gardener
Samwise Gamgee
66%
In which African nation is Casablanca (1942) set
Morocco
56.6%
The plot of Chinatown (1974) concerns the control of what natural resource
water
48.1%
Question
Answer
% Correct
In Saving Private Ryan (1998), what was Captain Miller's occupation before the war
teacher
45.3%
In The Godfather (1972), Don Vito Corleone is originally from which Italian town
Corleone
44.2%
Who is the leader of the Lost boys when Robin Williams returns to Neverneverland in the film Hook (1991)
Rufio
40.9%
What is the name of Tony D'Amato's football team in the film Any Given Sunday (1999)
sharks
30.2%
What is the team mascott of the football team that Adam Sandler's character plays on in the film The Waterboy (1998)
Mud Dogs
25.1%
In Apocalypse Now (1979), Cpt. Willard initially wakes up in which city
Saigon
24.9%
What is the name of Ellen Ripley's ship in Alien (1979)
Nostromo
20.4%
Who plays King Baldwin (the leper king) in Kingdom of Heaven (2005)
Edward Norton
11.5%
In Dr. Strangelove (1964), General Ripper is convinced that the Russians are trying to steal what precious thing from the Americans
bodily fluids
8.9%
What address was written on the goggles of the divers who took Marlin's son in Finding Nemo (2003)
P. Sherman 42 Wallaby Way Sydney
5.6%
Quiz Playlist
Details
Report
Send in Message
Add To Playlist
Classic:
Type in answers that appear in a list
Last Updated: Feb 16, 2017
Quiz Scoreboard
CHALLENGE
Sign Up to Join the Scoreboard
Show All
Scores
Hide
Comments
May contain spoilers
Recently Published
Presidents Visiting Landmarks
by Hejman
History
7m
An Introduction to Baseball
by treessimontrees
Sports
5m
Movies - When Are They Set?
by FPL_Elf
Movies
5m
More to Explore
Quiz From the Vault
Featured Blog Post
Where Did the Easter Bunny Come From?
hide this ad
You Might Also Like...
Tags
This quiz does not have any tags.
Today's Top Quizzes in Movies
Browse Movies
hide this ad
Top Contributed Quizzes in Movies
1
Pick 5 Posters: Directed by Spielberg
2
7-to-1: Pixar Characters
3
Pick 5 Posters: Lowest-Rated Spielberg
4
Pick 5 Posters: Directed by Scorsese
5
Pick 5 Posters: Star & Director
6
Sorting Actors
7
Sorting Actresses
8
12 Movies about Fictional 1960s Events
9
Multi-Oscar Nominations, One Movie, One Winner
10
Pick 5 Posters: Women Directed 2020s
Explore More
Trending Topics
Crossword
NBA
Disney
Marvel
Kpop
Harry Potter
Anime
Puzzle
Country
The Office
WWE
Pokémon
Song
Soccer
NFL
hide this ad
More By:
trett
Quiz
Plays
Rating
Category
Featured
Created
Movie Facts
514
2.91
Movies
Jun 2, 2010
Movie Facts 2
166
4.33
Movies
Jun 4, 2010
Character Quotes
52
Movies
May 29, 2010
Go to Creator's Profile
Score Distribution
Quiz Creator Spotlight
trett
Follow
Send a Message
Quizzes Created
-
Created Quiz Play Count
-
More By This Creator
Popular Quizzes Today
1
Find the US States - No Outlines Minefield
2
Find the Countries of Europe - No Outlines Minefield
3
The Countries of the World
4
Find the US States
5
Popular People in 1961
6
US States
7
Risky Map Clicking: Biggest States A-Z
8
Movies - When Are They Set?
More Movies Quizzes
Who's Cruise?
Published
Trending Quizzes
Risky Map Clicking: Least Populous States A-Z
1-10 Letter G Words
1-10 Letter F Words
Risky Map Clicking: Next State Alphabetically
Risky Map Clicking: Biggest States A-Z
Recently Updated
Leaping Animals
pecheneg
Reality TV Shows (A-Z)
bhenderson79
Rickey Henderson's Hall of Fame Teammates
pecheneg
Champions League XIs: Arsenal
pecheneg
Quick Pick: Celebrities in WWE's Hall of Fame
aduchscher
A-Z Keypad Blitz II
pecheneg
Multiple Oscar Actors
pecheneg
Mystery Phrase Blitz: Oscar 'Best Actors'
pecheneg
F. Scott Fitzgerald Novels
LTH
Pick 3 Villains
ddd62291
Trending Topics
Kpop
Disney
NBA
Crossword
Harry Potter
Marvel
Anime
Pokémon
The Office
Puzzle
NFL
Country
Soccer
Song
WWE
Your Account Isn't Verified!
In order to create a playlist on Sporcle, you need to verify the email address you used during registration. Go to your
Sporcle Settings
to finish the process.
Report this User
Report this user for behavior that violates our
Community Guidelines
.
Details:
Send Report
Go to the Sporcle.com Mobile Site →
Comments